00437nam a2200097Ia 4500008004100000100005200041245013700093260003900230650002000269856005000289171212s9999 xx 000 0 und d aBeckwith, Katie;Spencer, John;Brennan, David S. cBeckwith, Katie;Spencer, John;Brennan, David S.aOral Health in South Australiab2008 — ARCPOH Population Oral Health Series No. 8 bUniversity of Adelaide Pressc2010 aHealth Sciences uhttp://jstor.org/stable/10.20851/j.ctt1sq5w8m